[Event "FIDE Women's Candidates"]
[Site "Toronto CAN"]
[Date "2024.04.18"]
[Round "12.1"]
[White "Salimova, Nurgyul"]
[Black "Tan, Zhongyi"]
[Result "1/2-1/2"]
[WhiteTitle "IM"]
[BlackTitle "GM"]
[WhiteElo "2432"]
[BlackElo "2521"]
[WhiteFideId "2915138"]
[BlackFideId "8603642"]
[EventDate "2024.04.04"]

1. Nf3 d5 2. g3 Bf5 3. Bg2 e6 4. O-O Nf6 5. c4 c6 6. Qb3 Qb6 7. d3 Nbd7 8. cxd5
Qxb3 9. axb3 exd5 10. Bd2 Bd6 11. b4 O-O 12. Na3 a6 13. Nc2 Ne5 14. Nfd4 Bd7 15.
f4 Ng6 16. e4 dxe4 17. dxe4 Bc7 18. Nb3 Rad8 19. Bc3 Rfe8 20. Rfe1 Bc8 21. Nc5
h5 22. Ne3 Nf8 23. e5 Ng4 24. Nc4 Ne6 25. Rad1 b6 26. Nxe6 Bxe6 27. Nd6 b5 28.
Bxc6 Re7 29. h3 Nh6 30. Kg2 Bb3 31. Rd4 Re6 32. Bf3 h4 33. f5 Re7 34. g4 f6 35.
Ne4 Rxd4 36. Bxd4 Bxe5 37. Nc5 Bc4 38. Bxe5 fxe5 39. b3 Bf7 40. Be4 Be8 41. g5
Nf7 42. Bd5 Kh8 43. f6 gxf6 44. gxf6 Rc7 45. Kf2 a5 46. Re4 axb4 47. Rxh4+ Kg8
48. Rg4+ Kh8 49. Nd3 Rd7 50. Bxf7 Rxf7 51. Rh4+ Kg8 52. Rh6 Rc7 53. Nxe5 Rc5 54.
Nd3 Rc2+ 55. Ke3 Rc3 56. Kd2 Rxb3 57. Rh4 Bg6 58. Ne5 Rb2+ 59. Ke3 Rb3+ 60. Kd4
Be8 61. Rg4+ Kf8 62. h4 Ra3 63. Rf4 b3 64. Kc3 Ra4 65. Rf3 Re4 66. f7 Rxe5 67.
fxe8=Q+ Kxe8 68. Kxb3 Re4 1/2-1/2

[Event "FIDE Women's Candidates"]
[Site "Toronto CAN"]
[Date "2024.04.18"]
[Round "12.2"]
[White "Lagno, Kateryna"]
[Black "Lei, Tingjie"]
[Result "1/2-1/2"]
[WhiteTitle "GM"]
[BlackTitle "GM"]
[WhiteElo "2542"]
[BlackElo "2550"]
[WhiteFideId "14109336"]
[BlackFideId "8605114"]
[EventDate "2024.04.04"]

1. e4 e6 2. d4 d5 3. e5 c5 4. c3 Nc6 5. Nf3 Bd7 6. Be2 f6 7. O-O fxe5 8. Nxe5
Nxe5 9. dxe5 Qc7 10. Bf4 Ne7 11. c4 O-O-O 12. Nd2 h6 13. Bg3 Nf5 14. Nf3 Bc6 15.
cxd5 Bxd5 16. Qa4 Kb8 17. Rfd1 Be7 18. Rac1 g5 19. Bd3 Bxf3 20. gxf3 Nd4 21. Kg2
h5 22. h3 g4 23. hxg4 hxg4 24. f4 Bh4 25. Be4 Bxg3 26. fxg3 Nf3 27. Bxf3 gxf3+
28. Kxf3 Qh7 29. Qc2 Qh5+ 30. Ke3 Qg4 31. Rxd8+ Rxd8 32. Rg1 b6 33. b3 Rd4 34.
Qh7 Rxf4 35. gxf4 Qxg1+ 36. Kf3 Qd1+ 37. Ke3 Qe1+ 38. Kf3 Qd1+ 39. Ke3 Qe1+ 40.
Kf3 Qd1+ 1/2-1/2

[Event "FIDE Women's Candidates"]
[Site "Toronto CAN"]
[Date "2024.04.18"]
[Round "12.3"]
[White "Muzychuk, Anna"]
[Black "Vaishali, Rameshbabu"]
[Result "0-1"]
[WhiteTitle "GM"]
[BlackTitle "IM"]
[WhiteElo "2520"]
[BlackElo "2475"]
[WhiteFideId "14111330"]
[BlackFideId "5091756"]
[EventDate "2024.04.04"]

1. e4 e5 2. Nf3 Nc6 3. Bb5 a6 4. Ba4 Nf6 5. O-O Nxe4 6. d4 Be7 7. Re1 b5 8. Rxe4
d5 9. Nxe5 Nxe5 10. Rxe5 bxa4 11. Qe2 Be6 12. f4 Kf8 13. Nc3 Bd6 14. Nxa4 Bxe5
15. fxe5 Qh4 16. Be3 Qg4 17. Qd2 h5 18. h3 Qg6 19. h4 Kg8 20. Rf1 Bf5 21. c3 Kh7
22. Nc5 Rhf8 23. Bf4 f6 24. e6 Rfe8 25. Re1 Re7 26. c4 dxc4 27. d5 Bd3 28. d6
cxd6 29. Bxd6 Ree8 30. e7 Qg4 31. Qf2 Bf5 32. Rf1 Bg6 33. Re1 Rac8 34. Ne6 Rc6
35. Qf4 Kg8 36. Nc7 Rxe7 37. Rxe7 Qd1+ 38. Kh2 Qxd6 39. Qxd6 Rxd6 40. Ne8 Kf8
41. Nxd6 Kxe7 42. Nxc4 Bf7 43. Ne3 Bxa2 44. Kg3 Kd6 45. Kf4 Kc5 46. g4 hxg4 47.
Nxg4 a5 48. Ne3 a4 49. h5 Kb4 50. Nf5 Kb3 51. Nxg7 Kxb2 52. h6 Bg8 53. Ne8 a3
54. Nxf6 a2 55. Nxg8 a1=Q 56. h7 Kb3 57. Kf5 Qb1+ 0-1

[Event "FIDE Women's Candidates"]
[Site "Toronto CAN"]
[Date "2024.04.18"]
[Round "12.4"]
[White "Goryachkina, Aleksandra"]
[Black "Koneru, Humpy"]
[Result "1/2-1/2"]
[WhiteTitle "GM"]
[BlackTitle "GM"]
[WhiteElo "2553"]
[BlackElo "2546"]
[WhiteFideId "4147103"]
[BlackFideId "5008123"]
[EventDate "2024.04.04"]

1. d4 Nf6 2. c4 e6 3. Nf3 d5 4. g3 Be7 5. Bg2 O-O 6. O-O dxc4 7. Qc2 a6 8. a4 h6
9. Rd1 Nc6 10. Bd2 Re8 11. e3 Rb8 12. Na3 b5 13. axb5 axb5 14. Ne5 Nxe5 15. dxe5
Nd7 16. Ba5 Bb7 17. Nxc4 bxc4 18. Bxb7 Rxb7 19. Qa4 Ra7 20. Rxd7 Qb8 21. Rdd1
Qa8 22. Rd7 Qb8 23. Rdd1 Qa8 24. Rd7 Qb8 25. Rdd1 1/2-1/2

[Event "FIDE Women's Candidates"]
[Site "Toronto CAN"]
[Date "2024.04.20"]
[Round "13.1"]
[White "Vaishali, Rameshbabu"]
[Black "Lei, Tingjie"]
[Result "1-0"]
[WhiteTitle "IM"]
[BlackTitle "GM"]
[WhiteElo "2475"]
[BlackElo "2550"]
[WhiteFideId "5091756"]
[BlackFideId "8605114"]
[EventDate "2024.04.04"]

1. e4 c5 2. Nf3 d6 3. Bb5+ Nd7 4. Ba4 Nf6 5. O-O e6 6. Re1 Be7 7. c3 O-O 8. d4
Qc7 9. Nbd2 Rd8 10. e5 Nd5 11. exd6 Bxd6 12. Ne4 Bf8 13. Bg5 f6 14. Bh4 cxd4 15.
cxd4 N7b6 16. Bc2 Nc4 17. Bg3 Nd6 18. Rc1 Qb6 19. Nxd6 Bxd6 20. Qd3 g6 21. Bb3
Bb4 22. Red1 a5 23. Nh4 Kg7 24. a3 Bd6 25. Nf3 Bd7 26. Bxd6 Qxd6 27. Nd2 Bc6 28.
Ne4 Qf4 29. Nc5 Re8 30. Re1 Rad8 31. Qh3 f5 32. Rcd1 Qd6 33. Nd3 Nf6 34. Ne5 Be4
35. Qc3 b6 36. f3 Bd5 37. Ba4 Rf8 38. Rc1 Rc8 39. Qd2 Rfd8 40. Rc3 Rxc3 41. Qxc3
Bb7 42. Rd1 Rc8 43. Qe3 Bd5 44. Kf2 Qb8 45. Rc1 Rxc1 46. Qxc1 Qd8 47. Qe3 Qc7
48. Qc3 Qd8 49. Qe3 Qc7 50. h3 Qd8 51. g4 fxg4 52. hxg4 Bb7 53. Bb3 Bd5 54. Ba4
Bb7 55. Bb3 Bd5 56. Bc2 Nd7 57. Nxd7 Qxd7 58. Qe5+ Kg8 59. Kg3 Qc6 60. Be4 Bxe4
61. fxe4 Kf7 62. g5 Qc1 63. Qf4+ Qxf4+ 64. Kxf4 a4 65. Ke5 Ke7 66. d5 exd5 67.
exd5 1-0

[Event "FIDE Women's Candidates"]
[Site "Toronto CAN"]
[Date "2024.04.20"]
[Round "13.2"]
[White "Salimova, Nurgyul"]
[Black "Lagno, Kateryna"]
[Result "1/2-1/2"]
[WhiteTitle "IM"]
[BlackTitle "GM"]
[WhiteElo "2432"]
[BlackElo "2542"]
[WhiteFideId "2915138"]
[BlackFideId "14109336"]
[EventDate "2024.04.04"]

1. Nf3 d5 2. g3 Nf6 3. Bg2 e6 4. O-O Be7 5. d4 O-O 6. c4 dxc4 7. Qc2 a6 8. a4
Nbd7 9. Nbd2 b6 10. Ne5 Nxe5 11. dxe5 Nd5 12. Nxc4 Bb7 13. Qe4 Qc8 14. Qg4 f5
15. exf6 Nxf6 16. Qh3 Bxg2 17. Qxg2 Qe8 18. Bg5 Rd8 19. b3 Qh5 20. h4 h6 21.
Bxf6 Bxf6 22. Ra2 Rd4 23. e3 Rg4 24. Nd2 Bxh4 25. Rc2 Qg6 26. Rc4 Bd8 27. Rfc1
Rxc4 28. Rxc4 c5 29. Re4 b5 30. axb5 axb5 31. Re5 Qd3 32. Ne4 Qxb3 33. Nxc5 Qc3
34. Rh5 g6 35. Rxh6 Qxc5 36. Rxg6+ Kf7 37. Rh6 Qd5 38. Qh3 Bf6 39. Rh5 Qd1+ 40.
Kg2 Qd3 41. Qg4 Rg8 42. Qf4 Rc8 43. e4 Rc4 44. f3 Rc2+ 1/2-1/2

[Event "FIDE Women's Candidates"]
[Site "Toronto CAN"]
[Date "2024.04.20"]
[Round "13.4"]
[White "Koneru, Humpy"]
[Black "Muzychuk, Anna"]
[Result "1/2-1/2"]
[WhiteTitle "GM"]
[BlackTitle "GM"]
[WhiteElo "2546"]
[BlackElo "2520"]
[WhiteFideId "5008123"]
[BlackFideId "14111330"]
[EventDate "2024.04.04"]

1. d4 d5 2. c4 e6 3. Nf3 Nf6 4. Qc2 dxc4 5. Qxc4 a6 6. Bf4 Bd6 7. Bg3 b5 8. Qc2
Bb7 9. Nbd2 Nbd7 10. a3 Qe7 11. e3 c5 12. Bxd6 Qxd6 13. dxc5 Nxc5 14. Rd1 Qb6
15. b4 Nce4 16. Nxe4 Bxe4 17. Bd3 Bxf3 18. gxf3 Ke7 19. O-O Rac8 20. Qb2 Rhd8
21. Be4 Nxe4 22. fxe4 f6 23. Rxd8 Qxd8 24. Rc1 Rc4 25. Rxc4 Qd1+ 26. Kg2 bxc4
27. b5 Qg4+ 28. Kf1 Qd1+ 29. Kg2 axb5 30. Qxb5 Qg4+ 31. Kf1 Qd1+ 32. Kg2 Qg4+
33. Kf1 Qxe4 34. Qc5+ Kf7 35. Qc7+ Kg6 36. Qg3+ Kf7 37. Qc7+ Kg6 38. Qg3+ Kf5
39. Qh3+ Ke5 40. Qg3+ Kd5 41. Qxg7 Qb1+ 42. Ke2 Qd3+ 43. Ke1 Qxa3 44. Qb7+ Kd6
45. Qb6+ Kd7 1/2-1/2

[Event "FIDE Women's Candidates"]
[Site "Toronto CAN"]
[Date "2024.04.21"]
[Round "14.1"]
[White "Muzychuk, Anna"]
[Black "Tan, Zhongyi"]
[Result "1/2-1/2"]
[WhiteTitle "GM"]
[BlackTitle "GM"]
[WhiteElo "2520"]
[BlackElo "2521"]
[WhiteFideId "14111330"]
[BlackFideId "8603642"]
[EventDate "2024.04.04"]

1. e4 c5 2. Nf3 a6 3. c4 Nc6 4. d4 cxd4 5. Nxd4 e5 6. Nf5 d5 7. cxd5 Bxf5 8.
exf5 Nd4 9. Nc3 Nf6 10. Bd3 Be7 11. O-O O-O 12. Bg5 Nxd5 13. Nxd5 Bxg5 14. Be4
g6 15. f4 Bf6 16. Qd3 gxf5 17. Nxf6+ Qxf6 18. Bxb7 e4 19. Qc4 Rad8 20. Rad1 e3
21. Rfe1 e2 22. Rd3 Qb6 23. Kh1 Qxb7 24. Rxd4 Qxb2 25. Rd3 Rxd3 26. Qxd3 Re8 27.
Qxf5 Qc3 28. Qg5+ Kh8 29. Qh4 Re4 30. h3 Qd2 31. Qf6+ Kg8 32. Qg5+ Kf8 33. Qc5+
Kg7 34. Qg5+ Kf8 35. Qc5+ Kg7 36. Qg5+ Kf8 1/2-1/2

[Event "FIDE Women's Candidates"]
[Site "Toronto CAN"]
[Date "2024.04.21"]
[Round "14.2"]
[White "Lagno, Kateryna"]
[Black "Vaishali, Rameshbabu"]
[Result "0-1"]
[WhiteTitle "GM"]
[BlackTitle "IM"]
[WhiteElo "2542"]
[BlackElo "2475"]
[WhiteFideId "14109336"]
[BlackFideId "5091756"]
[EventDate "2024.04.04"]

1. e4 e5 2. Nf3 Nc6 3. Bb5 a6 4. Ba4 Nf6 5. d3 b5 6. Bb3 Bc5 7. O-O d6 8. a4 Rb8
9. axb5 axb5 10. c3 O-O 11. Bg5 h6 12. Bh4 g5 13. Nxg5 hxg5 14. Bxg5 Kg7 15. Qf3
Kg6 16. Bh4 Rg8 17. h3 Be6 18. Bd5 Rh8 19. Qg3+ Kh7 20. Bg5 Qg8 21. d4 Nxd4 22.
cxd4 Bxd4 23. Bxe6 fxe6 24. Nd2 Qg6 25. Rfc1 Rb7 26. Rc6 Rf8 27. Qh4+ Kg8 28.
Bh6 Bxf2+ 29. Qxf2 Qxh6 30. Rf1 Rf7 31. Qg3+ Rg7 32. Qf3 Nh5 33. Rf2 Nf4 34. Kh2
Rb8 35. Nf1 Kh8 36. Ne3 Rbg8 37. Rfc2 Qh4 38. g4 Rh7 39. R2c3 Qxh3+ 40. Qxh3
Rxh3+ 41. Kg1 b4 42. Rb3 d5 43. exd5 exd5 44. Kf2 Rf8 45. Rxc7 d4 0-1

[Event "FIDE Women's Candidates"]
[Site "Toronto CAN"]
[Date "2024.04.21"]
[Round "14.3"]
[White "Lei, Tingjie"]
[Black "Koneru, Humpy"]
[Result "0-1"]
[WhiteTitle "GM"]
[BlackTitle "GM"]
[WhiteElo "2550"]
[BlackElo "2546"]
[WhiteFideId "8605114"]
[BlackFideId "5008123"]
[EventDate "2024.04.04"]

1. d4 Nf6 2. c4 e6 3. Nc3 Bb4 4. a3 Bxc3+ 5. bxc3 b6 6. f3 d6 7. e4 Nc6 8. Bd3
Na5 9. Bg5 h6 10. Bh4 g5 11. Bf2 Ba6 12. h4 Rg8 13. Ne2 Nd7 14. c5 Bxd3 15. Qxd3
dxc5 16. e5 Qe7 17. hxg5 hxg5 18. Qa6 c4 19. Ng3 c6 20. Ne4 Kd8 21. Nd6 Kc7 22.
Rh7 Nb8 23. Qxa5 bxa5 24. Rb1 Nd7 25. Rb7+ Kd8 26. Nxf7+ Kc8 27. Nd6+ Qxd6 28.
exd6 Kxb7 29. Rxd7+ Ka6 30. Re7 Kb5 31. Rxe6 Ka4 32. Re5 Rad8 33. Kd2 Rxd6 34.
Rc5 g4 35. f4 g3 36. Be3 Rh6 37. Ke2 Kxa3 38. Rxa5+ Kb3 39. d5 Kxc3 40. f5 Re8
41. dxc6 Rxc6 42. Kf3 a6 43. Bf4 Kb2 44. Kxg3 c3 45. Ra4 c2 46. Kf2 c1=Q 47.
Bxc1+ Kxc1 48. g4 Kb2 49. Rf4 Rf8 50. Kg3 Rc5 51. Kh4 a5 52. Kh5 Ra8 53. g5 a4
54. g6 a3 55. Kh6 a2 56. Rf2+ Rc2 57. Rf1 Rf8 58. g7 Rh2+ 59. Kg6 Rg2+ 60. Kh7
Rf7 61. Kh8 a1=Q 62. Rxa1 Kxa1 0-1

[Event "FIDE Women's Candidates"]
[Site "Toronto CAN"]
[Date "2024.04.21"]
[Round "14.4"]
[White "Goryachkina, Aleksandra"]
[Black "Salimova, Nurgyul"]
[Result "1/2-1/2"]
[WhiteTitle "GM"]
[BlackTitle "IM"]
[WhiteElo "2553"]
[BlackElo "2432"]
[WhiteFideId "4147103"]
[BlackFideId "2915138"]
[EventDate "2024.04.04"]

1. e4 d6 2. d4 Nf6 3. Nc3 e5 4. Nf3 Nbd7 5. Bc4 Be7 6. O-O O-O 7. a4 a5 8. Re1
c6 9. h3 exd4 10. Nxd4 Nc5 11. Nb3 Nfd7 12. Bf4 Ne5 13. Bf1 Nxb3 14. cxb3 Be6
15. Ne2 Ng6 16. Bg3 Bh4 17. Bxh4 Qxh4 18. Nd4 Rae8 19. Nf5 Qf6 20. Qxd6 Qxb2 21.
Qc5 Bc8 22. Qxa5 Qxb3 23. Rab1 Qa3 24. Re3 Qa2 25. Rbe1 Re5 26. Qb4 c5 27. Qb5
Bxf5 28. exf5 Rxf5 29. R1e2 Qa1 30. Re8 h6 31. Qd7 Rf6 32. Rxf8+ Nxf8 33. Qc8
Re6 34. Rxe6 fxe6 35. Qxc5 Qxa4 36. Qb6 Qc6 37. Qd8 Qd5 38. Qb8 Kf7 39. Qf4+ Ke7
40. Qg4 Kf7 41. Qf4+ Kg8 42. Qb8 Qc6 43. h4 b6 44. h5 Qc5 45. Qe8 Qf5 46. Be2
Qe5 47. Bd3 Qe1+ 48. Bf1 Qd1 49. g3 Qd7 50. Qb8 Qd4 51. Qe8 Qd5 52. Bb5 Qf5 53.
Be2 Qe4 54. Bb5 Qf3 55. Bc4 Qd1+ 56. Kg2 Qg4 57. Qc6 Qxh5 58. Bxe6+ Nxe6 59.
Qxe6+ Qf7 1/2-1/2